000 00385nam a22001697a 4500
003 UA-OsUOA
001 2541
007 ta
008 20050721b un ||||| |||| 00| 0 ukr d
100 _aHubbard
700 _aL. Ron
942 _cBK
040 _aUA-OsUOA
_cUA-OsUOA
_dUA-OsUOA
245 _aFortune of feat.(Vol. 5 in the Mission Earth serie
_bFiction
955 _a2
650 7 _2UDC
999 _c288703
_d288703